MDQL
is popping MORE tags! Check the
thread
!
Quizzes
Events
Quiz Creation
Community
Videos
Private Events
Remove Ads
Sign In
Join for FREE
Feedback
Dark Mode
Quiz Categories
Sports
Geography
Music
Movies
Television
Just For Fun
Miscellaneous
History
Literature
Language
Science
Gaming
Entertainment
Religion
Holiday
For Kids
Quiz Lab
Recent
Popular Today
Quiz Kudos Today
Editor Picks
Curator Picks
Quizzes by...
Day
Popularity
Type
Ratings
Length
Year
Community
Subscriptions
Recent Discussions
Orange Saloon
Badges
Playlists
Quests
Create
Leaderboards
Showdown
Live 5
Trivia Bingo
Activity
Puzzle Library
Sporcle Events
Private Events
Virtual Trivia
Globe League
Become a Host
Pub Owners
SporcleCon
Opinionation
Our Games
Videos
Blog
Mobile Apps
Partnerships
Remove Ads and Go Orange
Feedback
Language
Vocabulary
Begins and Ends
Definition
Spanish
French
German
Italian
Chinese
Latin
Translation
Japanese
Language
Vocabulary
Begins and Ends
Definition
Spanish
French
German
Italian
Chinese
Latin
Translation
Japanese
Random Quiz
Search Sporcle
×
Quiz Lab
Quiz Lab
Language
issue
Type in answers that appear in a list
Type in answers that appear in a list
Classic
Best Score? Go Orange.
Y11 GCSE vocab Global Issues Stats
Can you name the Y11 GCSE vocab Global Issues?
By
candidajavaid
10m
69 Questions
15 Plays
15 Plays
15 Plays
Comments
Comments
Give Quiz Kudos
Give Quiz Kudos
-
- Ratings
hide this ad
Replay
Link that replays current quiz
Next Quiz
Link to next quiz in quiz playlist
You Got
0%
They Got
Avg Score
37%
Avg Friend Score
Upgrade to see
Score Distribution
Jump to the score distribution portion of the page
Score
0/69
Timer
10:00
0
Plays Today
Hint
Answer
% Correct
Abfall der
rubbish
93.3%
Abgase (pl)
exhaust fumes
86.7%
chemisch
chemical
86.7%
arbeitslos
unemployed
80%
arm
poor
80%
Armut die
poverty
80%
Diskriminierung die
discrimination
80%
Müll der
waste
80%
Abfalleimer der
rubbish bin
73.3%
Achtung die
respect
73.3%
Altpapier das
waste paper
73.3%
Benzin das
petrol
73.3%
biologisch
organic
73.3%
Biomüll der
organic waste
73.3%
alternative Energiequelle die
alternative source of energy
66.7%
Gewalt die
violence
66.7%
brauchen
to need
60%
Flüchtling der
refugee
60%
anbauen
to grow
53.3%
Dieb der
thief
53.3%
FCKWs
CFCs
53.3%
fliehen
to flee
53.3%
gefährlich
dangerous
53.3%
Gesellschaft die
society
53.3%
aussterben
to die out
46.7%
Bettler der
beggar
46.7%
einsam
lonely
46.7%
bedrohen
to threaten
40%
Bevölkerung die
population
40%
bleifrei
lead free
40%
Brennstoff der
fuel
40%
reich
rich
40%
Fahrradweg der
bicycle lane
33.3%
Gebrauch der
usage
33.3%
Luft die
air
33.3%
Hint
Answer
% Correct
erfrieren
to freeze to death
26.7%
Kaugummi der
chewing gum
26.7%
Kohle die
coal
26.7%
Krieg der
war
26.7%
Luftverschmutzung die
air pollution
26.7%
Not die
need
26.7%
öffentlich
public
26.7%
Ozonschicht die
ozone layer
26.7%
gewalttätig
violent
20%
im Freien
outside
20%
Kraftwerk das
power station
20%
Lärm der
noise
20%
obdachlos
homeless
20%
sauber
clean
20%
entsorgen
to dispose of waste
13.3%
heizen
to heat
13.3%
Heizung die
heating
13.3%
laut
noisy
13.3%
Leben das
life
13.3%
Ozonloch das
hole in the ozone layer
13.3%
saure Regen der
acid rain
13.3%
Schaden der
damage
13.3%
schmutzig
dirty
13.3%
keinen festen Wohnsitz haben
to have no fixed abode
6.7%
Mülltonne die
dustbin
6.7%
Sauerstoff der
oxygen
6.7%
schaden
to damage
6.7%
schädlich
harmful
6.7%
Kunststoff der
man-made
0%
Opfer das
victim
0%
Pfand das
deposit
0%
reinigen
to clean
0%
Schale die
peel
0%
schützen
to protect
0%
Quiz Playlist
Details
Report
Send in Message
Add To Playlist
Classic:
Type in answers that appear in a list
Last Updated: Feb 10, 2020
Quiz Scoreboard
CHALLENGE
Sign Up to Join the Scoreboard
Show All
Scores
Hide
Comments
May contain spoilers
Recently Published
5x2 Blitz: Bands
by SL_Kpop136
Music
30s
Colored Red Africa Blitz
by spor1
Geography
30s
Find the 'City' Movie
by crazypaving
Movies
60s
More to Explore
Quiz From the Vault
Featured Blog Post
14 Easter Pick-up Lines to Find Eggs With
hide this ad
You Might Also Like...
Tags
gcse
global
issue
Today's Top Quizzes in Language
Browse Language
hide this ad
Today's Top Quizzes in issue
Browse issue
Top Contributed Quizzes in Language
1
What Word Starts All?
2
Arabic Numerals
3
1-10 Letter F Words III
4
1-10 Letter G Words III
5
1-10 Letter H Words III
6
1-10 Letter I Words III
7
Latihan Huruf Hiragana KA KI KU KE KO
8
Weisst du, aus welchen Sprachen diese Wörter stammen?
9
1-10 Letter J Words III
10
1-10 Letter K Words III
Explore More
Trending Topics
Anime
Harry Potter
Crossword
NBA
Marvel
Kpop
Disney
Soccer
Pokémon
Country
The Office
Puzzle
NFL
Song
WWE
hide this ad
More By:
candidajavaid
Quiz
Plays
Rating
Category
Featured
Created
Year 7 German Term 4 Week 2 (Answers in English)
74
Language
Mar 14, 2022
Y9 Term 4: Adjectives
69
Language
Feb 25, 2020
Y9 Term 3 vocab
68
5.00
Language
Feb 10, 2020
Ostern in Deutschland
66
Language
Mar 30, 2020
AQA GCSE: Me, my family and friends (1)
49
5.00
Language
Feb 7, 2020
Go to Creator's Profile
Score Distribution
Quiz Creator Spotlight
candidajavaid
Follow
Send a Message
Quizzes Created
-
Created Quiz Play Count
-
More By This Creator
Popular Quizzes Today
1
Colored Red Africa Blitz
2
Find the US States - No Outlines Minefield
3
Find the 'City' Movie
4
5x2 Blitz: Bands
5
The Countries of the World
6
Find the US States
7
US States
8
Find the Countries of Europe - No Outlines Minefield
More Language Quizzes
Bonus Round Blitz! - Idioms
Published
Trending Quizzes
Colored Red Europe Blitz I
Colored Red Europe Blitz II
Colored Red Africa Blitz II
Colored Red Europe Blitz III
Colored Red Africa Blitz III
Recently Updated
How Do You Spell That?
pecheneg
Godzilla Movies
pecheneg
Grab Bag: 4-10 Letters
pecheneg
2024 March Madness Bracket
pecheneg
Famous TV Couples
Peacemaker
Champions League XIs: Real Madrid
pecheneg
Largest US Cities 1790-2010
pecheneg
Rides in Walt Disney World
pecheneg
Most Oscar Losses (Acting)
pecheneg
Beyoncé Albums
pecheneg
Trending Topics
Disney
NBA
Anime
Crossword
Kpop
Harry Potter
Marvel
The Office
Puzzle
Pokémon
WWE
NFL
Song
Soccer
Country
Your Account Isn't Verified!
In order to create a playlist on Sporcle, you need to verify the email address you used during registration. Go to your
Sporcle Settings
to finish the process.
Report this User
Report this user for behavior that violates our
Community Guidelines
.
Details:
Send Report
Go to the Sporcle.com Mobile Site →
Comments